Cos'è di più? - Statistics

Statistiche generali
  • Questo quiz è stato fatto 9 volte
  • Il punteggio medio è 5 su 25
Statistiche sulle risposte
Domanda Risposta % Corretto
Cos'è di più? Emissioni di CO2 all'anno (tonnellate)
78%
Cos'è di più? Sigarette fumate all'anno
56%
Cos'è di più? Acqua utilizzata all'anno (milioni di L)
44%
Cos'è di più? Utenti di Internet nel mondo al giorno
44%
Cos'è di più? Dollari speso per malattie legate all'obesità negli Stati Uniti all'anno
33%
Cos'è di più? Persone denutrite nel mondo
33%
Cos'è di più? Sostanze chimiche tossiche rilasciate nell'ambiente al giorno (tonnellate)
33%
Cos'è di più? Acqua utilizzata al giorno (milioni di L)
22%
Cos'è di più? Computer prodotti al giorno
22%
Cos'è di più? Computer prodotti all'anno
22%
Cos'è di più? Desertificazione al giorno (ettari)
22%
Cos'è di più? Desertificazione all'anno (ettari)
22%
Cos'è di più? Persone in sovrappeso nel mondo
22%
Cos'è di più? Persone morte di fame al giorno
22%
Cos'è di più? Suicidi all'anno
22%
Cos'è di più? Decessi causati da malattie legate all'acqua all'anno
11%
Cos'è di più? Giorni alla fine del petrolio
11%
Cos'è di più? Televisori venduti in tutto il mondo al giorno
11%
Cos'è di più? Articoli del blog scritti al giorno
0%
Cos'è di più? Articoli del blog scritti all'anno
0%
Cos'è di più? Biciclette prodotte all'anno
0%
Cos'è di più? Carbone rimanente (barili equivalenti di petrolio)
0%
Cos'è di più? Decessi per malattie trasmissibili all'anno
0%
Cos'è di più? Dollari spesi in programmi di perdita di peso negli Stati Uniti al giorno
0%
Cos'è di più? Spesa sanitaria pubblica all'anno, in dollari
0%
Nessun quiz corrispondente trovato
Distribuzione punteggi
Percentuale di utenti per punteggio
Percentile per numero di risposta
I tuoi punteggi nel tempo
Non hai fatto questo quiz